Применение теории клеточных автоматов к моделированию процесса кристаллизации урана; Научно-технический вестник Поволжья; № 2
| Parent link: | Научно-технический вестник Поволжья: журнал.— , 2010- № 2.— 2016.— [С. 159-162] |
|---|---|
| Huvudupphovsman: | |
| Institutionell upphovsman: | |
| Övriga upphovsmän: | |
| Sammanfattning: | Заглавие с экрана Данная статья посвящена динамическому моделированию роста кристаллов гексагидрата нитрата уранила (ГНУ) методом клеточных автоматов в качестве альтернативы или дополнения методу экстракции, традиционно применяемому для переработки отработанного ядерного топлива (ОЯТ). Ожидается, что полученная на основе клеточных автоматов модель позволит спрогнозировать зависимость свойств конечного продукта от изменения входных параметров: концентраций урана и азотной кислоты, а также температуры раствора. Результатом данной работы является приложение на языке С++, которое позволяет отслеживать динамику изменений температуры раствора, концентрации урана в растворе, а также структуру кристаллов. Режим доступа: по договору с организацией-держателем ресурса |
| Språk: | ryska |
| Publicerad: |
2016
|
| Ämnen: | |
| Länkar: | http://www.ntvp.ru/archive-vypuskov http://elibrary.ru/item.asp?id=25964886 |
| Materialtyp: | MixedMaterials Elektronisk Bokavsnitt |
| KOHA link: | https://koha.lib.tpu.ru/cgi-bin/koha/opac-detail.pl?biblionumber=648514 |
MARC
| LEADER | 00000naa0a2200000 4500 | ||
|---|---|---|---|
| 001 | 648514 | ||
| 005 | 20260310103334.0 | ||
| 035 | |a (RuTPU)RU\TPU\network\13673 | ||
| 090 | |a 648514 | ||
| 100 | |a 20160523d2016 k||y0rusy50 ca | ||
| 101 | 0 | |a rus | |
| 102 | |a RU | ||
| 135 | |a drcn ---uucaa | ||
| 181 | 0 | |a i | |
| 182 | 0 | |a b | |
| 200 | 1 | |a Применение теории клеточных автоматов к моделированию процесса кристаллизации урана |f А. О. Очоа Бикэ, Д. А. Сериков | |
| 203 | |a Текст |c электронный | ||
| 300 | |a Заглавие с экрана | ||
| 320 | |a [Библиогр.: с. 162 (6 назв.)] | ||
| 330 | |a Данная статья посвящена динамическому моделированию роста кристаллов гексагидрата нитрата уранила (ГНУ) методом клеточных автоматов в качестве альтернативы или дополнения методу экстракции, традиционно применяемому для переработки отработанного ядерного топлива (ОЯТ). Ожидается, что полученная на основе клеточных автоматов модель позволит спрогнозировать зависимость свойств конечного продукта от изменения входных параметров: концентраций урана и азотной кислоты, а также температуры раствора. Результатом данной работы является приложение на языке С++, которое позволяет отслеживать динамику изменений температуры раствора, концентрации урана в растворе, а также структуру кристаллов. | ||
| 333 | |a Режим доступа: по договору с организацией-держателем ресурса | ||
| 461 | |t Научно-технический вестник Поволжья |o журнал |d 2010- | ||
| 463 | |t № 2 |v [С. 159-162] |d 2016 | ||
| 610 | 1 | |a электронный ресурс | |
| 610 | 1 | |a труды учёных ТПУ | |
| 610 | 1 | |a моделирование | |
| 610 | 1 | |a кристаллизация | |
| 610 | 1 | |a клеточные автоматы | |
| 610 | 1 | |a уран | |
| 610 | 1 | |a переработка | |
| 700 | 1 | |a Очоа Бикэ |b А. О. |c специалист в области автоматического управления |c инженер-проектировщик Томского политехнического университета |f 1989- |g Антон Орландович |3 (RuTPU)RU\TPU\pers\32953 |9 16801 | |
| 701 | 1 | |a Сериков |b Д. А. |g Дмитрий Александрович | |
| 712 | 0 | 2 | |a Национальный исследовательский Томский политехнический университет |c (2009- ) |9 26305 |
| 801 | 2 | |a RU |b 63413507 |c 20160523 |g RCR | |
| 856 | 4 | |u http://www.ntvp.ru/archive-vypuskov | |
| 856 | 4 | |u http://elibrary.ru/item.asp?id=25964886 | |
| 942 | |c CF | ||